Statistics for the next step season 3

Click here to take the quiz!

General Stats

  • This quiz has been taken 11 times
  • The average score is 10 of 15

Answer Stats

HintAnswer% Correct
in the one on one battles who did hunter get
knocked out by
eldon
100%
how many turns did eldon have to do before
he go thalia
30
90%
when riley gets her braces off what gift does
james give her
corn on
the cob
80%
what competition do they go tointernationals
80%
which foreign person comes to tnsella
70%
where do they come fromengland
70%
dance captaingiselle
70%
who is dating rileyjames
70%
who is the ownerkate
70%
where do tns go to competemiami
70%
who is the alternatemichelle
70%
who helps them in the final roundamanda
50%
what did ella and riley put all over james' drumsbubble wrap
50%
how many languages can thalia speak56
40%
what is the name of the island that all of the
boys get lost on
coco plum
20%

Score Distribution

Percentile by Number Answered

Percent of People with Each Score

Your Score History

You have not taken this quiz